[Event "Tres Cantos op 11th"]
[Site "Tres Cantos"]
[Date "2019.06.26"]
[Round "5"]
[White "Tevar Sanz, Gonzalo"]
[Black "Lopez Ziegler, Carlos"]
[Result "1/2-1/2"]
[WhiteElo "1753"]
[BlackElo "1881"]
[PlyCount "60"]
[EventDate "2019.06.22"]
[EventType "swiss"]
[EventRounds "9"]
[EventCountry "ESP"]
[SourceTitle "CBM 195 Extra"]
[Source "ChessBase"]
[SourceDate "2020.05.31"]
[SourceVersion "1"]
[SourceVersionDate "2020.05.31"]
[SourceQuality "1"]

1. d4 c5 2. d5 f5 3. Nc3 Nf6 4. Bg5 Qb6 5. Rb1 h6 6. Bxf6 Qxf6 7. Nf3 g5 8. Nb5 Na6 9. e3 d6 10. g3 Bd7 11. a4 Bg7 12. Nd2 0-0 13. h4 Be8 14. hxg5 hxg5 15. Be2 g4 16. c3 Bg6 17. Bd3 Rae8 18. Nc4 Rd8 19. Na5 c4 20. Nxc4 Nc5 21. Bc2 a6 22. Nd4 b5 23. axb5 axb5 24. Nxb5 Rb8 25. Nd4 f4 26. Bxg6 Qxg6 27. exf4 Qe4+ 28. Kd2 Bxd4 29. cxd4 Qxd4+ 30. Kc1 Qxd1+ 1/2-1/2

[Event "Tres Cantos op 11th"]
[Site "Tres Cantos"]
[Date "2019.06.22"]
[Round "1"]
[White "Martinez Fernandez, Raul"]
[Black "Lopez Ziegler, Carlos"]
[Result "1-0"]
[WhiteElo "2218"]
[BlackElo "1881"]
[PlyCount "93"]
[EventDate "2019.06.22"]
[EventType "swiss"]
[EventRounds "9"]
[EventCountry "ESP"]
[SourceTitle "CBM 195 Extra"]
[Source "ChessBase"]
[SourceDate "2020.05.31"]
[SourceVersion "1"]
[SourceVersionDate "2020.05.31"]
[SourceQuality "1"]

1. e4 c5 2. Nf3 e6 3. g3 Nc6 4. Bg2 Nf6 5. Qe2 d6 6. 0-0 Be7 7. Rd1 e5 8. h3 0-0 9. c3 Re8 10. d4 Qc7 11. d5 Nb8 12. b4 cxb4 13. cxb4 Na6 14. Bd2 Bd7 15. a3 Rec8 16. Nc3 Qd8 17. Rdc1 h6 18. Ne1 Be8 19. f4 Nd7 20. Nd3 f6 21. f5 Nb6 22. a4 Nc4 23. Be1 Nxb4 24. Nxb4 Qb6+ 25. Kh2 Qxb4 26. Nd1 Qc5 27. Bf2 Qb4 28. Rcb1 Qa5 29. Rxb7 Bd8 30. Qg4 Rc7 31. Rxc7 Bxc7 32. Rc1 Qxa4 33. Bf1 Bb5 34. Nc3 Qa3 35. Qd1 Ba6 36. Nb1 Qa2 37. Rc2 Qb3 38. Bxc4 Bxc4 39. Nd2 Qd3 40. Rxc4 Ba5 41. Rc2 Rb8 42. Bxa7 Ra8 43. Bf2 Bc3 44. Qb1 Rc8 45. Qc1 Kh7 46. Ra2 Rb8 47. Qf1 1-0

[Event "Madrid San Viator op-A 29th"]
[Site "Madrid"]
[Date "2017.10.08"]
[Round "4"]
[White "Monreal Bejarano, Luis Miguel"]
[Black "Lopez Ziegler, Carlos"]
[Result "1/2-1/2"]
[WhiteElo "1883"]
[BlackElo "1852"]
[PlyCount "167"]
[EventDate "2017.09.17"]
[EventType "swiss"]
[EventRounds "9"]
[EventCountry "ESP"]
[SourceTitle "EXT 2019"]
[Source "ChessBase"]
[SourceDate "2018.10.10"]
[SourceVersion "1"]
[SourceVersionDate "2018.10.10"]
[SourceQuality "1"]

1. d4 d5 2. Nf3 Nf6 3. g3 e6 4. Bg2 Be7 5. 0-0 0-0 6. c3 c5 7. Re1 Nc6 8. Nbd2 cxd4 9. cxd4 Qb6 10. Nb3 a5 11. e3 Bd7 12. a3 Rfd8 13. Nbd2 Be8 14. b3 Rac8 15. Bb2 Na7 16. Rc1 Nb5 17. a4 Na7 18. Rxc8 Rxc8 19. Qa1 Rc2 20. Qb1 Rc7 21. Rc1 Nc6 22. Ne5 Nxe5 23. dxe5 Nd7 24. Rxc7 Qxc7 25. Nf3 Qb6 26. Qc2 Qc5 27. Qd3 Qb6 28. Qc3 Qb4 29. Qxb4 Bxb4 30. Bd4 Nc5 31. Bxc5 Bxc5 32. Bf1 Kf8 33. Nd4 Bxd4 34. exd4 Ke7 35. f4 g6 36. Kf2 f5 37. Ke3 b6 38. h3 h5 39. Kf3 Bd7 40. g4 hxg4+ 41. hxg4 Kf7 42. gxf5 gxf5 43. Kg3 Kg7 44. Kh4 Kh6 45. Be2 Be8 46. Ba6 Bd7 47. Bb7 Kg6 48. Kg3 Kh6 49. Ba6 Kg6 50. Be2 Kh6 51. Kf2 Kg6 52. Ke3 Kh6 53. Bd1 Kg6 54. Kd3 Kf7 55. Kc3 Kf8 56. Bh5 Ke7 57. Kc2 Kf8 58. Kd3 Kg7 59. Bd1 Kf8 60. Kd2 Kg7 61. Be2 Kf7 62. Kc3 Ke7 63. Kb2 Kd8 64. Ka3 Kc7 65. Bd3 Kd8 66. b4 Ke7 67. bxa5 bxa5 68. Bb5 Be8 69. Kb3 Bh5 70. Kc3 Bd1 71. Kd2 Bh5 72. Ke3 Bd1 73. Kf2 Bh5 74. Kg3 Bd1 75. Kh4 Bb3 76. Kg5 Bc4 77. Bc6 Bb3 78. Kh4 Kd8 79. Bb5 Bc4 80. Bc6 Kc7 81. Be8 Kd8 82. Bc6 Kc7 83. Be8 Kd8 84. Bc6 1/2-1/2

[Event "Collado Villalba op-A 34th"]
[Site "Collado Villalba"]
[Date "2017.08.28"]
[Round "7"]
[White "Andrade Sandoval, Bianca"]
[Black "Lopez Ziegler, Carlos"]
[Result "1/2-1/2"]
[WhiteElo "1880"]
[BlackElo "1852"]
[PlyCount "111"]
[EventDate "2017.08.22"]
[EventType "swiss"]
[EventRounds "9"]
[EventCountry "ESP"]
[SourceTitle "CBM 180 Extra"]
[Source "ChessBase"]
[SourceDate "2017.10.06"]
[SourceVersion "1"]
[SourceVersionDate "2017.10.06"]
[SourceQuality "1"]

1. d4 Nf6 2. Nf3 d5 3. e3 Bf5 4. c4 c6 5. Nc3 e6 6. Bd3 Be7 7. Bxf5 exf5 8. Qb3 b6 9. cxd5 Nxd5 10. Nxd5 Qxd5 11. Qxd5 cxd5 12. Bd2 f6 13. 0-0-0 Na6 14. a3 Kd7 15. Kb1 Nc7 16. Rc1 Nb5 17. Rc2 Bxa3 18. bxa3 Nxa3+ 19. Kb2 Nxc2 20. Kxc2 a5 21. Rb1 Rhc8+ 22. Kd1 Kc6 23. Ne1 b5 24. Nd3 g5 25. Nc5 b4 26. Kc2 Kb5 27. Kd3 Ra7 28. Rb2 h5 29. f3 Re7 30. Rb1 Rce8 31. Rb2 h4 32. Rb1 h3 33. g3 g4 34. f4 Rc8 35. Rb2 Rec7 36. Rb1 Rc6 37. Rb2 R8c7 38. Rb1 Rc8 39. Rb2 Rxc5 40. dxc5 Rxc5 41. Kd4 Rc4+ 42. Kxd5 a4 43. Ra2 a3 44. Bxb4 Kxb4 45. Rxa3 Rc2 46. Ra6 Rxh2 47. Rxf6 Rg2 48. Rxf5 Rxg3 49. Rh5 Rxe3 50. f5 Kc3 51. Rh4 Rf3 52. Rxg4 Rxf5+ 53. Ke4 Rh5 54. Rg1 h2 55. Rh1 Kd2 56. Kf3 1/2-1/2

[Event "Madrid San Viator op-A 26th"]
[Site "Madrid"]
[Date "2016.04.24"]
[Round "4"]
[White "Ramirez de la Piscina G, Juan A"]
[Black "Lopez Ziegler, Carlos"]
[Result "1-0"]
[WhiteElo "1656"]
[BlackElo "1953"]
[PlyCount "94"]
[EventDate "2016.04.03"]
[EventType "swiss"]
[EventRounds "9"]
[EventCountry "ESP"]
[SourceTitle "EXT 2017"]
[Source "ChessBase"]
[SourceDate "2016.10.25"]
[SourceVersion "1"]
[SourceVersionDate "2016.10.25"]
[SourceQuality "1"]

1. d4 Nf6 2. e3 d5 3. Bd3 c5 4. c3 Nc6 5. Nd2 e5 6. dxe5 Nxe5 7. Be2 Bd6 8. Ngf3 Nc6 9. 0-0 0-0 10. Qc2 Re8 11. Bd3 Bg4 12. b3 Qd7 13. Bb2 Rad8 14. a3 a6 15. h3 c4 16. Be2 Bf5 17. Qd1 b5 18. Nd4 Nxd4 19. exd4 Bxh3 20. Re1 Bf5 21. a4 Bb8 22. b4 h5 23. axb5 axb5 24. Nf3 Ng4 25. Nh4 Qc7 26. Nf3 Be4 27. Ne5 Nxe5 28. dxe5 Qxe5 29. g3 h4 30. f4 Qc7 31. Bc1 hxg3 32. Bh5 Ba7+ 33. Rxa7 Qxa7+ 34. Be3 g6 35. Bxa7 gxh5 36. Qxh5 Bg6 37. Rxe8+ Rxe8 38. Qg5 Re1+ 39. Kg2 Kf8 40. Bc5+ Ke8 41. Kxg3 Bd3 42. Qg8+ Kd7 43. Qxf7+ Kc6 44. Qf6+ Kb7 45. Qb6+ Kc8 46. Bd6 Kd7 47. Qc7+ Ke6 1-0

[Event "Madrid-ch Seniors"]
[Site "Madrid"]
[Date "2016.01.12"]
[Round "2"]
[White "Lopez Ziegler, Carlos"]
[Black "Elissalt Cardenas, Hector"]
[Result "0-1"]
[WhiteElo "1933"]
[BlackElo "2358"]
[PlyCount "102"]
[EventDate "2016.01.11"]
[EventType "swiss"]
[EventRounds "9"]
[EventCountry "ESP"]
[SourceTitle "CBM 170 Extra"]
[Source "ChessBase"]
[SourceDate "2016.02.25"]
[SourceVersion "1"]
[SourceVersionDate "2016.02.25"]
[SourceQuality "1"]

1. e4 d6 2. d4 Nf6 3. Nc3 e5 4. Nf3 Nbd7 5. h3 Be7 6. Bc4 c6 7. a4 0-0 8. 0-0 a5 9. Ba2 h6 10. Re1 Nh7 11. Be3 Ng5 12. Qe2 Bf6 13. dxe5 Nxf3+ 14. Qxf3 dxe5 15. Rad1 Qe7 16. Qe2 Bg5 17. Bxg5 Qxg5 18. Rd3 Nc5 19. Rg3 Qe7 20. Qe3 Kh7 21. Bc4 Be6 22. Be2 g5 23. b3 Rad8 24. Rd1 f6 25. Bf1 Rxd1 26. Nxd1 Rd8 27. Nb2 Rd4 28. Bd3 b6 29. Qe2 Qd7 30. Re3 Qd8 31. c3 Rd7 32. b4 axb4 33. cxb4 Nb3 34. Bc4 Nd4 35. Qh5 b5 36. axb5 cxb5 37. Bf1 Ra7 38. Re1 Ra2 39. Nd3 Kg7 40. Nc5 Bf7 41. Qd1 Qa8 42. Qb1 Qa3 43. Qd3 Qxb4 44. Rc1 Bc4 45. Rxc4 bxc4 46. Qxc4 Qd2 47. Nd3 Ra1 48. Qc7+ Kg6 49. Qd6 Rxf1+ 50. Kxf1 Qxd3+ 51. Kg1 Ne2+ 0-1

[Event "Madrid-ch Seniors"]
[Site "Madrid"]
[Date "2016.01.11"]
[Round "1"]
[White "Lopez Ziegler, Carlos"]
[Black "Fernandez Bujarrabal, Pedro V"]
[Result "1-0"]
[WhiteElo "1933"]
[BlackElo "1582"]
[PlyCount "75"]
[EventDate "2016.01.11"]
[EventType "swiss"]
[EventRounds "9"]
[EventCountry "ESP"]
[SourceTitle "EXT 2017"]
[Source "ChessBase"]
[SourceDate "2016.10.25"]
[SourceVersion "1"]
[SourceVersionDate "2016.10.25"]
[SourceQuality "1"]

1. e4 e5 2. Nf3 Nc6 3. Bc4 Nf6 4. d3 Be7 5. 0-0 d5 6. exd5 Nxd5 7. Re1 Bf6 8. Nxe5 Nxe5 9. Bxd5 Qxd5 10. Nc3 Qd8 11. d4 0-0 12. dxe5 Be7 13. Qe2 c6 14. Be3 Be6 15. a3 Qc7 16. Bf4 Qb6 17. b4 a6 18. Rad1 Rad8 19. Be3 Qc7 20. Bf4 Qb6 21. Ne4 Rd5 22. c4 Rd7 23. Nd6 Rfd8 24. c5 Qc7 25. Bg3 a5 26. f4 axb4 27. f5 Bd5 28. axb4 b6 29. e6 fxe6 30. fxe6 Bxd6 31. exd7 Bxc5+ 32. bxc5 Qxd7 33. cxb6 Qb7 34. Rxd5 cxd5 35. Qe6+ Qf7 36. b7 d4 37. Qxf7+ Kxf7 38. b8Q 1-0

[Event "Madrid San Viator op 25th"]
[Site "Madrid"]
[Date "2015.10.11"]
[Round "2"]
[White "Lopez Ziegler, Carlos"]
[Black "Vallejo Nuno, Jorge"]
[Result "0-1"]
[WhiteElo "1925"]
[BlackElo "2087"]
[PlyCount "50"]
[EventDate "2015.10.04"]
[EventType "swiss"]
[EventRounds "9"]
[EventCountry "ESP"]
[SourceTitle "CBM 169 Extra"]
[Source "ChessBase"]
[SourceDate "2015.12.18"]
[SourceVersion "1"]
[SourceVersionDate "2015.12.18"]
[SourceQuality "1"]

1. e4 e5 2. Nf3 f5 3. Nxe5 Qf6 4. Nc4 fxe4 5. Nc3 Qf7 6. Ne3 c6 7. d3 exd3 8. Bxd3 d5 9. 0-0 Bd6 10. Re1 Ne7 11. Nexd5 cxd5 12. Nb5 0-0 13. Nxd6 Qxf2+ 14. Kh1 Bg4 15. Qd2 Qh4 16. b4 Nbc6 17. b5 Nd4 18. Bf1 Qxe1 19. Qxe1 Nxc2 20. Bb2 Nxe1 21. Rxe1 b6 22. h3 Nf5 23. hxg4 Nxd6 24. Be2 Rae8 25. Kg1 Nxb5 0-1

[Event "Madrid San Viator op 25th"]
[Site "Madrid"]
[Date "2015.10.04"]
[Round "1"]
[White "Lopez Ziegler, Carlos"]
[Black "Gil Calvente, Jose Antonio"]
[Result "1-0"]
[WhiteElo "1925"]
[BlackElo "1723"]
[PlyCount "77"]
[EventDate "2015.10.04"]
[EventType "swiss"]
[EventRounds "9"]
[EventCountry "ESP"]
[SourceTitle "CBM 169 Extra"]
[Source "ChessBase"]
[SourceDate "2015.12.18"]
[SourceVersion "1"]
[SourceVersionDate "2015.12.18"]
[SourceQuality "1"]

1. e4 e6 2. d4 d5 3. Nd2 Nf6 4. e5 Nfd7 5. Bd3 c5 6. c3 Nc6 7. Ngf3 Be7 8. 0-0 Qb6 9. a3 cxd4 10. cxd4 Nxd4 11. Nxd4 Qxd4 12. Nf3 Qb6 13. Be3 Bc5 14. Bc1 a5 15. Qa4 Qc7 16. Re1 b6 17. Qg4 g6 18. Bh6 Bf8 19. Bg5 Bg7 20. Rac1 Qb8 21. Bb5 0-0 22. Be7 Nxe5 23. Nxe5 Bxe5 24. Bxf8 Kxf8 25. Qg5 Bxb2 26. Qd8+ Kg7 27. Rc2 Bf6 28. Qe8 Bb7 29. Qd7 Ba6 30. Bxa6 Rxa6 31. Rc7 Qf8 32. Rxe6 Ra8 33. Qxd5 Rd8 34. Qf3 Bb2 35. Ree7 Qg8 36. Rxf7+ Kh6 37. Qh3+ Kg5 38. Qg3+ Kh6 39. Qh4# 1-0

[Event "Madrid-ch Seniors 20th"]
[Site "Madrid"]
[Date "2015.01.09"]
[Round "3"]
[White "Lopez Ziegler, Carlos"]
[Black "Gonzalez Rivera, Eduardo"]
[Result "1/2-1/2"]
[WhiteElo "1940"]
[BlackElo "2092"]
[PlyCount "90"]
[EventDate "2015.01.07"]
[EventType "swiss"]
[EventRounds "9"]
[EventCountry "ESP"]
[SourceTitle "CBM 164 Extra"]
[Source "ChessBase"]
[SourceDate "2015.03.02"]
[SourceVersion "1"]
[SourceVersionDate "2015.03.02"]
[SourceQuality "1"]

1. e4 e5 2. Nf3 Nc6 3. d4 exd4 4. Nxd4 Nf6 5. Nc3 Bb4 6. Nxc6 bxc6 7. Bd3 d5 8. exd5 cxd5 9. Qe2+ Be6 10. Bb5+ Nd7 11. Bc6 d4 12. a3 Ba5 13. b4 dxc3 14. bxa5 Rc8 15. Qe5 Qf6 16. Qxf6 gxf6 17. Be3 0-0 18. Bxd7 Bxd7 19. 0-0-0 Be6 20. Rd3 Kh8 21. Bd4 Kg7 22. Rxc3 Bd5 23. Rd1 c6 24. Rg3+ Kh6 25. Bxf6 Rg8 26. a6 Rxg3 27. hxg3 Kg6 28. Bd4 Rc7 29. f3 f6 30. Bc5 Bc4 31. Rd6 Bxa6 32. Bd4 Rf7 33. g4 Bb5 34. f4 h6 35. Kd2 a6 36. g3 c5 37. Bxc5 Rd7 38. Rxd7 Bxd7 39. Bf2 Bxg4 40. c4 Kf5 41. Kd3 Ke6 42. Kd4 Kd6 43. c5+ Kc6 44. Kc4 h5 45. f5 Bxf5 1/2-1/2

[Event "Madrid San Viator op 23rd"]
[Site "Madrid"]
[Date "2014.11.16"]
[Round "8"]
[White "Lopez Ziegler, Carlos"]
[Black "Tevar Sanz, Gonzalo"]
[Result "1-0"]
[WhiteElo "1954"]
[BlackElo "1773"]
[PlyCount "53"]
[EventDate "2014.09.28"]
[EventType "swiss"]
[EventRounds "9"]
[EventCountry "ESP"]
[SourceTitle "EXT 2016"]
[Source "ChessBase"]
[SourceDate "2015.10.08"]
[SourceVersion "1"]
[SourceVersionDate "2015.10.08"]
[SourceQuality "1"]

1. e4 e5 2. Nf3 Nc6 3. Bc4 Nf6 4. d4 exd4 5. e5 Ng4 6. Bf4 Bb4+ 7. c3 dxc3 8. bxc3 Bc5 9. Bxf7+ Kf8 10. 0-0 Nxf2 11. Rxf2 Bxf2+ 12. Kxf2 Kxf7 13. Qd5+ Kf8 14. Nbd2 Qe7 15. Re1 Qf7 16. Qe4 h6 17. Kg1 b5 18. Nh4 Ke8 19. e6 dxe6 20. Qxc6+ Ke7 21. Qxa8 g5 22. Be5 Rd8 23. Rf1 Qh5 24. Bf6+ Ke8 25. Bxd8 Kxd8 26. Rf8+ Ke7 27. Qxc8 1-0

[Event "Madrid San Viator op 23rd"]
[Site "Madrid"]
[Date "2014.11.02"]
[Round "6"]
[White "Lopez Ziegler, Carlos"]
[Black "Campo Garcia, Carlos"]
[Result "0-1"]
[WhiteElo "1954"]
[BlackElo "1769"]
[PlyCount "104"]
[EventDate "2014.09.28"]
[EventType "swiss"]
[EventRounds "9"]
[EventCountry "ESP"]
[SourceTitle "EXT 2016"]
[Source "ChessBase"]
[SourceDate "2015.10.08"]
[SourceVersion "1"]
[SourceVersionDate "2015.10.08"]
[SourceQuality "1"]

1. e4 d5 2. exd5 Qxd5 3. Nc3 Qd6 4. d4 Nf6 5. Bc4 a6 6. Nge2 Qc6 7. Qd3 Qxg2 8. Rg1 Qxh2 9. Bf4 Qh3 10. Ng3 Qd7 11. 0-0-0 b5 12. Bb3 Bb7 13. Rge1 Nc6 14. d5 Na5 15. Bxc7 Nxb3+ 16. axb3 Qxc7 17. d6 Qd7 18. dxe7 Qxd3 19. Rxd3 Bxe7 20. Nf5 0-0 21. Rxe7 Bc8 22. Nd6 Be6 23. f4 Bg4 24. b4 h5 25. Nde4 Nxe4 26. Nxe4 Bf5 27. Rd5 Bxe4 28. Rxe4 g6 29. f5 Rae8 30. Red4 Kg7 31. Rd6 g5 32. b3 h4 33. Rg4 f6 34. Kb2 h3 35. Rg3 Rh8 36. Rd7+ Kf8 37. Rc3 Rh4 38. Rcc7 h2 39. Rh7 Rxh7 40. Rxh7 Re5 41. Rxh2 Rxf5 42. c4 bxc4 43. bxc4 g4 44. c5 Ke8 45. Kc3 Rf4 46. Rh7 f5 47. Rh6 g3 48. Re6+ Kd7 49. Rxa6 g2 50. Ra7+ Kc6 51. Ra6+ Kb7 52. Rg6 Rg4 0-1

[Event "Madrid San Viator op 23rd"]
[Site "Madrid"]
[Date "2014.10.19"]
[Round "4"]
[White "Lopez Ziegler, Carlos"]
[Black "San Felipe Gonzalez, Tomas"]
[Result "0-1"]
[WhiteElo "1954"]
[BlackElo "1700"]
[PlyCount "58"]
[EventDate "2014.09.28"]
[EventType "swiss"]
[EventRounds "9"]
[EventCountry "ESP"]
[SourceTitle "EXT 2016"]
[Source "ChessBase"]
[SourceDate "2015.10.08"]
[SourceVersion "1"]
[SourceVersionDate "2015.10.08"]
[SourceQuality "1"]

1. e4 c5 2. d4 cxd4 3. c3 dxc3 4. Nxc3 e6 5. Nf3 Nc6 6. Bc4 Be7 7. 0-0 a6 8. Qe2 d6 9. Rd1 Qc7 10. Be3 b5 11. Bd3 Nf6 12. Rac1 Bb7 13. Nxb5 axb5 14. Bxb5 0-0 15. Bxc6 Bxc6 16. Qc4 Qb7 17. Qxc6 Qxc6 18. Rxc6 Rxa2 19. e5 dxe5 20. Nxe5 Rxb2 21. g3 Nd5 22. Bd4 Rb7 23. Rcc1 Bf6 24. f4 h6 25. Nf3 Bxd4+ 26. Nxd4 Rd7 27. Nc6 Rc7 28. f5 Rfc8 29. fxe6 fxe6 0-1